[Event "Wiesbaden op 28th"]
[Site "Wiesbaden"]
[Date "2016.08.26"]
[Round "2"]
[White "Boerkey, Pierre"]
[Black "Leck, Gerrit"]
[Result "0-1"]
[WhiteElo "1399"]
[BlackElo "1916"]
[PlyCount "76"]
[EventDate "2016.08.25"]
[EventType "swiss"]
[EventRounds "7"]
[EventCountry "GER"]
[SourceTitle "CBM 174 Extra"]
[Source "ChessBase"]
[SourceDate "2016.10.10"]
[SourceVersion "1"]
[SourceVersionDate "2016.10.10"]
[SourceQuality "1"]

1. d4 Nf6 2. Bf4 g6 3. e3 Bg7 4. Nf3 d6 5. h3 0-0 6. Bd3 Nbd7 7. 0-0 Qe8 8. Nc3 c6 9. Re1 e5 10. Bh2 Qe7 11. dxe5 dxe5 12. e4 Rd8 13. Qe2 Ne8 14. Rad1 Nc5 15. Bc4 Nd6 16. b3 a5 17. a4 Nxc4 18. Rxd8+ Qxd8 19. Qxc4 Qe7 20. b4 axb4 21. Qxb4 f6 22. Rd1 Bf8 23. Nd2 Nxa4 24. Qxe7 Bxe7 25. Ra1 Nb6 26. Rb1 Nd7 27. Nc4 b5 28. Ne3 Ra3 29. Rb3 Rxb3 30. cxb3 Nc5 31. b4 Nd3 32. Nc2 Nxb4 33. Nxb4 Bxb4 34. Ne2 c5 35. f4 exf4 36. Bxf4 c4 37. Nd4 Bc5 38. Be3 b4 0-1

[Event "Wiesbaden op 28th"]
[Site "Wiesbaden"]
[Date "2016.08.26"]
[Round "3"]
[White "Paeslack, Luis"]
[Black "Boerkey, Pierre"]
[Result "1-0"]
[WhiteElo "1784"]
[BlackElo "1399"]
[PlyCount "91"]
[EventDate "2016.08.25"]
[EventType "swiss"]
[EventRounds "7"]
[EventCountry "GER"]
[SourceTitle "CBM 174 Extra"]
[Source "ChessBase"]
[SourceDate "2016.10.10"]
[SourceVersion "1"]
[SourceVersionDate "2016.10.10"]
[SourceQuality "1"]

1. d4 Nf6 2. c4 e6 3. Nc3 Bb4 4. Nf3 d5 5. e3 0-0 6. Bd2 b6 7. Bd3 Bb7 8. 0-0 c5 9. cxd5 exd5 10. b3 Ne4 11. Rc1 Nd7 12. Ne2 Bxd2 13. Nxd2 f5 14. f3 Nxd2 15. Qxd2 Qe7 16. Rfe1 Rae8 17. Ng3 Qg5 18. Bb5 Qe7 19. dxc5 bxc5 20. Bxd7 Qxd7 21. Rxc5 Qe7 22. Qc3 f4 23. Rc7 Qg5 24. Nh5 Rf7 25. Rxf7 Kxf7 26. Qc7+ Re7 27. Qxf4+ Qxf4 28. Nxf4 d4 29. Kf2 g5 30. Nd3 dxe3+ 31. Rxe3 Rc7 32. Ne5+ Kf6 33. Ng4+ Kf7 34. Kg3 Bd5 35. Re5 Be6 36. Rxg5 Rc2 37. Ra5 Rc7 38. Kf4 Kg6 39. Ra6 Kf7 40. Ke5 Bc8 41. Ra5 Ke7 42. Ne3 Rb7 43. Nd5+ Kf7 44. Rc5 Bd7 45. Rc7 Rxc7 46. Nxc7 1-0

[Event "Wiesbaden op 27th"]
[Site "Wiesbaden"]
[Date "2015.08.30"]
[Round "6"]
[White "Boerkey, Pierre"]
[Black "Reinisch, Markus"]
[Result "1-0"]
[WhiteElo "1331"]
[BlackElo "1644"]
[PlyCount "59"]
[EventDate "2015.08.27"]
[EventType "swiss"]
[EventRounds "7"]
[EventCountry "GER"]
[SourceTitle "EXT 2016"]
[Source "ChessBase"]
[SourceDate "2015.10.08"]
[SourceVersion "1"]
[SourceVersionDate "2015.10.08"]
[SourceQuality "1"]

1. d4 d5 2. c4 e6 3. Nf3 Nf6 4. e3 Be7 5. b3 0-0 6. Bb2 Nbd7 7. Nc3 b6 8. Bd3 Bb7 9. 0-0 h6 10. Rc1 c5 11. Qe2 Rc8 12. Rfd1 Re8 13. e4 dxe4 14. Nxe4 Nxe4 15. Bxe4 Bxe4 16. Qxe4 Qc7 17. Rc2 Nf6 18. Qe2 Red8 19. Rcd2 Qb7 20. dxc5 Rxd2 21. Rxd2 Ne4 22. Rd4 Nxc5 23. Rg4 f6 24. b4 Na4 25. Qxe6+ Kf8 26. Nh4 g5 27. Ng6+ Kg7 28. Bxf6+ Kxg6 29. Bxg5+ Kh5 30. Bxe7 1-0

[Event "Rhein Main op-B 18th"]
[Site "Bad Homburg"]
[Date "2015.06.05"]
[Round "4"]
[White "Marx, Peter"]
[Black "Boerkey, Pierre"]
[Result "1-0"]
[WhiteElo "1617"]
[BlackElo "1375"]
[PlyCount "49"]
[EventDate "2015.06.03"]
[EventType "swiss"]
[EventRounds "7"]
[EventCountry "GER"]
[SourceTitle "CBM 167 Extra"]
[Source "ChessBase"]
[SourceDate "2015.09.14"]
[SourceVersion "1"]
[SourceVersionDate "2015.09.14"]
[SourceQuality "1"]

1. c4 e5 2. g3 c6 3. Bg2 d5 4. Nc3 Nf6 5. cxd5 cxd5 6. d3 Nc6 7. Bg5 Be6 8. Bxf6 gxf6 9. Nf3 Bc5 10. 0-0 Qb6 11. Rc1 Bd6 12. b3 Rc8 13. Nd2 Ne7 14. e4 d4 15. Nd5 Nxd5 16. exd5 Rxc1 17. Qxc1 Bf5 18. Ne4 Ke7 19. Qh6 Bg6 20. Rc1 Rg8 21. Qh4 Ba3 22. d6+ Bxd6 23. Qxf6+ Kd7 24. Bh3+ Ke8 25. Rc8+ 1-0

[Event "Hessen-ch U12"]
[Site "Bad Homburg"]
[Date "2015.04.03"]
[Round "8"]
[White "Kolzenburg, Jan Niklas"]
[Black "Boerkey, Pierre"]
[Result "1-0"]
[WhiteElo "762"]
[BlackElo "1375"]
[PlyCount "127"]
[EventDate "2015.03.30"]
[EventType "swiss"]
[EventRounds "9"]
[EventCountry "GER"]
[SourceTitle "EXT 2017"]
[Source "ChessBase"]
[SourceDate "2016.10.25"]
[SourceVersion "1"]
[SourceVersionDate "2016.10.25"]
[SourceQuality "1"]

1. e4 c5 2. Nf3 Nc6 3. Bc4 d6 4. Nc3 Nf6 5. 0-0 g6 6. h3 Bg7 7. d3 0-0 8. Be3 Na5 9. Qd2 Nxc4 10. dxc4 Be6 11. b3 Nd7 12. Bh6 f5 13. Bxg7 Kxg7 14. Ng5 Bg8 15. exf5 Rxf5 16. Rae1 Ne5 17. Kh1 Qd7 18. f4 Nf7 19. Nd5 Re8 20. Qc3+ e5 21. g4 Rxf4 22. Rxf4 Nxg5 23. Nf6 Qe7 24. Nxe8+ Qxe8 25. Ref1 Nxh3 26. Rf6 Ng5 27. Qe3 Ne6 28. Qf2 a6 29. Qd2 Qc6+ 30. Kg1 Qe4 31. Qg2 Qxg2+ 32. Kxg2 Nf4+ 33. R1xf4 exf4 34. Rxf4 g5 35. Rf2 Be6 36. Kg3 b5 37. cxb5 axb5 38. a4 bxa4 39. bxa4 d5 40. a5 Bc8 41. Rd2 d4 42. c3 dxc3 43. Rc2 Ba6 44. Rxc3 c4 45. Re3 Kf6 46. Kf2 h6 47. Ke2 Kg6 48. Re6+ Kg7 49. Rxa6 h5 50. Kf3 c3 51. Rc6 hxg4+ 52. Kxg4 c2 53. Kxg5 c1Q+ 54. Rxc1 Kf7 55. Rc6 Ke7 56. a6 Kd7 57. Rc1 Kd6 58. a7 Kd7 59. a8Q Kd6 60. Qd8+ Ke6 61. Re1+ Kf7 62. Qf6+ Kg8 63. Re8+ Kh7 64. Qg6# 1-0

[Event "Hessen-ch U12"]
[Site "Bad Homburg"]
[Date "2015.04.01"]
[Round "4"]
[White "Boerkey, Pierre"]
[Black "Held, Maurice"]
[Result "1-0"]
[WhiteElo "1375"]
[BlackElo "1735"]
[PlyCount "83"]
[EventDate "2015.03.30"]
[EventType "swiss"]
[EventRounds "9"]
[EventCountry "GER"]
[SourceTitle "EXT 2017"]
[Source "ChessBase"]
[SourceDate "2016.10.25"]
[SourceVersion "1"]
[SourceVersionDate "2016.10.25"]
[SourceQuality "1"]

1. d4 g6 2. c4 Bg7 3. Nc3 c5 4. e3 cxd4 5. exd4 Nf6 6. Nf3 0-0 7. Be2 d6 8. 0-0 Bf5 9. Be3 d5 10. Qb3 dxc4 11. Bxc4 e6 12. Rad1 Nc6 13. Bd3 Bxd3 14. Rxd3 Na5 15. Qc2 Rc8 16. Qe2 Nd5 17. Rc1 Nc4 18. Nxd5 exd5 19. b3 Nxe3 20. Rxc8 Qxc8 21. fxe3 Re8 22. Kf2 Qf5 23. Ke1 Rc8 24. Kd2 Qe4 25. Rc3 Rxc3 26. Kxc3 Bh6 27. Kd2 g5 28. Qd3 Qe6 29. Qb5 g4 30. Ne5 f6 31. Qxb7 fxe5 32. Qb8+ Kg7 33. dxe5 Kf7 34. Qxa7+ Kg6 35. Qd4 Bg7 36. Qd3+ Kh6 37. e4 Qxe5 38. Qxd5 Qb2+ 39. Ke3 Qc3+ 40. Kf4 Qc1+ 41. Kxg4 Qc8+ 42. Qf5 1-0

[Event "Hessen-ch op-B"]
[Site "Frankfurt Sossenheim"]
[Date "2015.??.??"]
[Round "6"]
[White "Boerkey, Pierre"]
[Black "Froehlich Dill, Astrid"]
[Result "0-1"]
[WhiteElo "1375"]
[BlackElo "1925"]
[PlyCount "94"]
[EventDate "2015.05.13"]
[EventType "swiss"]
[EventRounds "7"]
[EventCountry "GER"]
[SourceTitle "EXT 2016"]
[Source "ChessBase"]
[SourceDate "2015.10.08"]
[SourceVersion "1"]
[SourceVersionDate "2015.10.08"]
[SourceQuality "1"]

1. d4 Nf6 2. c4 e6 3. Nf3 b6 4. g3 Bb7 5. Bg2 Be7 6. Nc3 0-0 7. 0-0 h6 8. Bd2 d5 9. cxd5 exd5 10. Rc1 Nc6 11. a3 Ne4 12. e3 Nxc3 13. Rxc3 Qd7 14. Qc2 Bd6 15. Rc1 Nd8 16. b4 c6 17. Re1 f5 18. Nh4 Qf7 19. f4 Rc8 20. Bh3 g6 21. Bc1 Ne6 22. g4 Qf6 23. Qf2 Be7 24. Nf3 fxg4 25. Bxg4 Bd6 26. Qh4 h5 27. Bxe6+ Qxe6 28. Ng5 Qf6 29. Rc2 Rce8 30. Rf2 Bc8 31. Bd2 Bf5 32. Nf3 Qg7 33. Ne5 Be7 34. Nxc6 Bxh4 35. Ref1 Bxf2+ 36. Rxf2 Rc8 37. Ne5 Rc2 38. b5 Re8 39. a4 Rxe5 40. fxe5 Qc7 41. Re2 Rxd2 42. Rxd2 Qc1+ 43. Kf2 Qxd2+ 44. Kf3 g5 45. e6 Bg4+ 46. Kg3 Qxe3+ 47. Kg2 Bh3+ 0-1

[Event "Hessen-ch op-B"]
[Site "Frankfurt Sossenheim"]
[Date "2015.??.??"]
[Round "3"]
[White "Boerkey, Pierre"]
[Black "Nesse, David"]
[Result "0-1"]
[WhiteElo "1375"]
[BlackElo "1553"]
[PlyCount "60"]
[EventDate "2015.05.13"]
[EventType "swiss"]
[EventRounds "7"]
[EventCountry "GER"]
[SourceTitle "EXT 2016"]
[Source "ChessBase"]
[SourceDate "2015.10.08"]
[SourceVersion "1"]
[SourceVersionDate "2015.10.08"]
[SourceQuality "1"]

1. d4 Nf6 2. c4 c5 3. d5 b5 4. Nc3 bxc4 5. e4 d6 6. Bxc4 g6 7. Nf3 Bg7 8. 0-0 0-0 9. h3 Nbd7 10. Bd2 Rb8 11. Rb1 Nh5 12. Re1 Ne5 13. Nxe5 Bxe5 14. Be2 Nf4 15. Bxf4 Bxf4 16. g3 Be5 17. Bg4 f5 18. exf5 Bxf5 19. Bxf5 Rxf5 20. g4 Rf7 21. Qa4 Qf8 22. Re2 Bxc3 23. Qxa7 Bd4 24. Rf1 Rf3 25. Rxe7 Rxf2 26. Rg7+ Bxg7 27. Rxf2 Bd4 28. Kh1 Bxf2 29. Qd7 Qf3+ 30. Kh2 Qg3+ 0-1

[Event "Eschborn op 11th"]
[Site "Eschborn"]
[Date "2014.09.07"]
[Round "5"]
[White "Kunkel, Heinrich"]
[Black "Boerkey, Pierre"]
[Result "1-0"]
[WhiteElo "1187"]
[BlackElo "1080"]
[PlyCount "69"]
[EventDate "2014.09.05"]
[EventType "swiss"]
[EventRounds "5"]
[EventCountry "GER"]
[SourceTitle "EXT 2015"]
[Source "ChessBase"]
[SourceDate "2014.11.20"]
[SourceVersion "1"]
[SourceVersionDate "2014.11.20"]
[SourceQuality "1"]

1. Nf3 Nc6 2. d4 d5 3. Bf4 Nf6 4. e3 Bf5 5. Bd3 Bxd3 6. Qxd3 e6 7. 0-0 Bd6 8. Bxd6 Qxd6 9. h3 0-0-0 10. Nbd2 h5 11. Qc3 Nd7 12. a3 f6 13. b4 g5 14. g4 hxg4 15. hxg4 Rh6 16. Kg2 f5 17. Rh1 Rdh8 18. Rxh6 Rxh6 19. Rh1 Rxh1 20. Kxh1 Qe7 21. gxf5 Qh7+ 22. Kg2 Qxf5 23. Qd3 Qf6 24. Qh7 e5 25. Qg8+ Nd8 26. Qxd5 exd4 27. Qxd4 Qg6 28. c3 Ne6 29. Qg4 Ndf8 30. Ne4 Nh7 31. Nd4 Kd7 32. Nxe6 Qxe6 33. Nc5+ Kc6 34. Qxe6+ Kb5 35. c4# 1-0

[Event "Eschborn op 11th"]
[Site "Eschborn"]
[Date "2014.09.05"]
[Round "1"]
[White "Spelleken, Hans Gerd"]
[Black "Boerkey, Pierre"]
[Result "1-0"]
[WhiteElo "1789"]
[BlackElo "1080"]
[PlyCount "57"]
[EventDate "2014.09.05"]
[EventType "swiss"]
[EventRounds "5"]
[EventCountry "GER"]
[SourceTitle "EXT 2015"]
[Source "ChessBase"]
[SourceDate "2014.11.20"]
[SourceVersion "1"]
[SourceVersionDate "2014.11.20"]
[SourceQuality "1"]

1. d4 d5 2. Nf3 Nc6 3. e3 Bf5 4. Bb5 e6 5. Ne5 Nge7 6. h4 f6 7. Nxc6 bxc6 8. Ba4 e5 9. g4 Bg6 10. Nd2 Qd7 11. Nb3 Nc8 12. Na5 Bb4+ 13. Bd2 Bxa5 14. Bxa5 Nb6 15. Bb3 e4 16. c3 f5 17. h5 Bf7 18. g5 g6 19. hxg6 Bxg6 20. f4 Qg7 21. Rh6 Rc8 22. Bb4 Ra8 23. a4 Nd7 24. a5 Nf6 25. Ba4 Kd7 26. Qb3 Be8 27. Rxf6 Kd8 28. Bxc6 Bxc6 29. Rxc6 1-0

[Event "Wiesbaden op 26th"]
[Site "Wiesbaden"]
[Date "2014.08.30"]
[Round "4"]
[White "Boerkey, Pierre"]
[Black "Kirchner, Stefan2"]
[Result "0-1"]
[WhiteElo "987"]
[BlackElo "1425"]
[PlyCount "98"]
[EventDate "2014.08.28"]
[EventType "swiss"]
[EventRounds "7"]
[EventCountry "GER"]
[SourceTitle "CBM 162 Extra"]
[Source "ChessBase"]
[SourceDate "2014.10.17"]
[SourceVersion "1"]
[SourceVersionDate "2014.10.17"]
[SourceQuality "1"]

1. e4 e6 2. d4 d5 3. exd5 exd5 4. Nc3 Nf6 5. Nf3 Be6 6. Bf4 a6 7. Bd3 c5 8. 0-0 b5 9. dxc5 Bxc5 10. a3 Nbd7 11. Re1 0-0 12. b4 Ba7 13. a4 Nh5 14. Qd2 Nxf4 15. Qxf4 Qf6 16. Qxf6 Nxf6 17. axb5 Rfc8 18. Ne2 axb5 19. Ned4 Bd7 20. Nxb5 Bxb5 21. Bxb5 Rxc2 22. Be2 Ne4 23. Nd4 Rcc8 24. Red1 Nc3 25. Rd2 Kf8 26. Kf1 Bxd4 27. Rxa8 Rxa8 28. Rxd4 Ra1+ 29. Rd1 Nxd1 30. Bxd1 Rxd1+ 31. Ke2 Rd4 32. b5 Rb4 33. Kd3 Rxb5 34. Kd4 Rb2 35. f4 Rxg2 36. Kxd5 Rxh2 37. f5 Ke7 38. Ke5 f6+ 39. Kd5 Re2 40. Kd4 Re5 41. Kd3 h5 42. Kd4 h4 43. Kd3 h3 44. Kd4 h2 45. Kd3 h1R 46. Kd4 Rd1+ 47. Kc4 Kf7 48. Kc3 Rc5+ 49. Kb2 Rd8 0-1

[Event "Wiesbaden op 26th"]
[Site "Wiesbaden"]
[Date "2014.08.30"]
[Round "5"]
[White "Roth, Michael"]
[Black "Boerkey, Pierre"]
[Result "1-0"]
[WhiteElo "1600"]
[BlackElo "987"]
[PlyCount "25"]
[EventDate "2014.08.28"]
[EventType "swiss"]
[EventRounds "7"]
[EventCountry "GER"]
[SourceTitle "CBM 162 Extra"]
[Source "ChessBase"]
[SourceDate "2014.10.17"]
[SourceVersion "1"]
[SourceVersionDate "2014.10.17"]
[SourceQuality "1"]

1. e4 e6 2. d4 d5 3. e5 c5 4. c4 Qb6 5. cxd5 exd5 6. Qc2 cxd4 7. Qxc8+ Ke7 8. b3 f6 9. Ba3+ Kf7 10. Qxf8+ Kg6 11. Bd3+ Kg5 12. Qxg7+ Kh5 13. Be2+ 1-0

[Event "Wiesbaden op 26th"]
[Site "Wiesbaden"]
[Date "2014.08.29"]
[Round "2"]
[White "Boerkey, Pierre"]
[Black "Muetsch, Annmarie"]
[Result "0-1"]
[WhiteElo "987"]
[BlackElo "1701"]
[PlyCount "44"]
[EventDate "2014.08.28"]
[EventType "swiss"]
[EventRounds "7"]
[EventCountry "GER"]
[SourceTitle "CBM 162 Extra"]
[Source "ChessBase"]
[SourceDate "2014.10.17"]
[SourceVersion "1"]
[SourceVersionDate "2014.10.17"]
[SourceQuality "1"]

1. e4 e5 2. Nf3 Nc6 3. Nc3 Nf6 4. d4 exd4 5. Nxd4 Nxd4 6. Qxd4 d6 7. Bc4 Be7 8. Bf4 0-0 9. 0-0-0 Be6 10. Bxe6 fxe6 11. e5 dxe5 12. Qxe5 Qc8 13. Rhe1 Bd6 14. Rxd6 cxd6 15. Qxe6+ Qxe6 16. Rxe6 d5 17. Re7 d4 18. Nb5 Nd5 19. Rxb7 Nxf4 20. Nxd4 Rad8 21. Nc6 Ne2+ 22. Kb1 Rd1# 0-1